| 000 | 01224namaa2200313 i 4500 | ||
|---|---|---|---|
| 003 | EG-GICUC | ||
| 005 | 20260613143320.0 | ||
| 008 | 260613s2001 ua |||jr|||| 000 0 ara d | ||
| 017 |
_a2001 / 3125 _bدار الكتب والوثائق القومية (مصر) |
||
| 020 | _a97758224010 | ||
| 040 |
_aEG-GiCUC _bara _cEG-GiCUC _dEG-GiCUC _erda |
||
| 082 | 0 | 4 |
_221 _a809 _bM1786m |
| 092 | 0 | 4 |
_221 _a809 _bM1786m |
| 099 | _a809 M1786m | ||
| 100 | 1 |
_aمدنى، محمد _eمؤلف. |
|
| 245 | 1 |
_aمستقبل الأدب المقارن فى طل العولمة : _b" يكون أو لا يكون .. تلك هى المسألة "/ _cمحمد مدنى. |
|
| 264 |
_aالمنيا (مصر) : _bدار الهدى للنشر والتوزيع، _c[2001]. |
||
| 300 |
_a125 صفحة _b؛ _c21 سم |
||
| 336 |
_2rdacontent _atext |
||
| 337 |
_2rdamedia _aUnmediated |
||
| 338 |
_2rdacarrier _avolume |
||
| 490 |
_aكتاب المستقبل ؛ _v3 |
||
| 504 | _aيشتمل على ارجاعات ببليوجرافية وهوامش. | ||
| 541 |
_aوزارة الثقافة ؛ _bالقاهرة ؛ _cإهداء ؛ _d2023. |
||
| 650 | 1 | 7 |
_aالادب المقارن _2qrmak |
| 651 | 1 | _2qrmak | |
| 905 | _aAya | ||
| 942 |
_2ddc _cBK _e21 _n0 |
||
| 999 |
_c180521 _d180521 |
||